| 000 | 00764nam a22002177a 4500 | ||
|---|---|---|---|
| 003 | OSt | ||
| 005 | 20160910162016.0 | ||
| 008 | 160910b xxu||||| |||| 00| 0 eng d | ||
| 020 | _a0-324-12280-2 | ||
| 040 | _cLIC | ||
| 082 |
_22002 _aDC 343.730944 _bM61a |
||
| 100 |
_914418 _aMiller, Roger LeRoy |
||
| 245 |
_aAccounting taxation and e-commerce: _bthe online legal environment/ _cRoger LeRoy Miller; Gaylord A. Jentz. |
||
| 260 |
_aAustralia: _bThomson Learning, _cc2002. |
||
| 300 |
_axv, 187 pages: _billustrations; _c25 cm. |
||
| 365 |
_b2,747.00 _cPhp |
||
| 500 | _aIncludes bibliographical references and index. | ||
| 650 | 0 |
_914419 _aElectronic commerce _xTaxation _xLaw and legislation _zUnited States |
|
| 700 |
_914421 _aJentz, Gaylord A. |
||
| 942 |
_2ddc _cDC |
||
| 999 |
_c4478 _d4478 |
||